| 000 | 01062cam a2200325 i 4500 | ||
|---|---|---|---|
| 999 |
_c7307 _d7307 |
||
| 001 | .b74479003 | ||
| 003 | OSt | ||
| 005 | 20210218182333.0 | ||
| 008 | 200928e202007 spc 000 0 cat| | ||
| 015 |
_aLL2020 _2bnc |
||
| 017 |
_aDL B 8094-2020 _bBiblioteca de Catalunya |
||
| 020 | _a9788418033292 | ||
| 040 |
_aES-BaBAB _bcat _erda _cES-BaBAB _dES-BaBC |
||
| 043 | _ae-spc--- | ||
| 080 |
_a616-036.22 _x(460.23) _x"20" _22004 |
||
| 080 |
_a616.2-022:316.4 _22004 |
||
| 100 | 1 |
_aSallés, Quico, _d1972- _eautor |
|
| 245 | 1 | 0 |
_aCatalunya, zona zero / _cQuico Sallés |
| 250 | _aPrimera edició | ||
| 264 | 1 |
_a[Barcelona] : _bRosa dels Vents, _cjuliol de 2020 |
|
| 300 |
_a190 pàgines ; _c23 cm |
||
| 336 |
_atext _btxt _2rdacontent |
||
| 337 |
_asense mediació _bn _2rdamedia |
||
| 338 |
_avolum _bnc _2rdacarrier |
||
| 650 | 7 |
_aEpidèmies _zCatalunya _xHistòria _yS. XXI _2lemac |
|
| 650 | 7 |
_aCOVID-19 (Malaltia) _xAspectes socials _2lemac |
|
| 907 |
_a.b74479003 _b18-02-21 _c28-09-20 _d13-11-20 _em _fa _g- _hcat _ispc _j0 _k0 |
||
| 940 | _aBC | ||
| 942 |
_2udc _cMON |
||